Resiliencia: tendencias y perspectivas
Guardat en:
| Autors principals: | , |
|---|---|
| Altres autors: | |
| Format: | Llibre |
| Idioma: | espanyol |
| Publicat: |
Buenos Aires
Cooperativa EDUNLA
2004
|
| Edició: | 1a. ed |
| Col·lecció: | Colección Salud Comunitaria. Serie Resiliencia
|
| Matèries: | |
| Etiquetes: |
Afegir etiqueta
Sense etiquetes, Sigues el primer a etiquetar aquest registre!
|
MARC
| LEADER | 00000nam a2200000 a 4500 | ||
|---|---|---|---|
| 001 | UCJ1282 | ||
| 003 | CL-VaPUC | ||
| 008 | 061013e20040000AG |||||||||||||||||spa|d | ||
| 020 | |a 9879754379 | ||
| 082 | 0 | 4 | |a 362.5 |b SUA |2 21 |
| 100 | 0 | |a Suárez Ojeda, Néstor |e author |9 501800 | |
| 700 | |a Munist, Mabel M. |e autora |9 576988 | ||
| 700 | |a Kotliarenco A., María Angélica |e author |9 466274 | ||
| 245 | 1 | 0 | |a Resiliencia: tendencias y perspectivas |
| 250 | |a 1a. ed | ||
| 300 | |a 128 p | ||
| 942 | |c BK | ||
| 945 | |d 20061013 00:00:00 |a cmena | ||
| 260 | |a Buenos Aires |b Cooperativa EDUNLA |c 2004 | ||
| 650 | 0 | |a Trabajo social |9 307856 | |
| 650 | 0 | |a Psicología social |9 222894 | |
| 650 | 0 | |a Desarrollo individual |9 307875 | |
| 650 | 0 | |a Autoestima |9 308492 | |
| 650 | 7 | |a PROGRAMAS SOCIALES |2 CL-VaPUC |9 324718 | |
| 650 | 0 | |a Problemas sociales |9 258537 | |
| 583 | |a last modification |c 20061013 00:00:00 |k Rodrigo Vera | ||
| 490 | 0 | |a Colección Salud Comunitaria. Serie Resiliencia | |
| 999 | |c 317905 |d 317903 | ||
| 952 | |0 0 |1 0 |4 0 |6 362_500000000000000_SUA_2004 |7 0 |8 A |9 394976 |a BIBEDU |b BIBEDU |d 2019-11-22 |i 4284445 |o 362.5 SUA 2004 |p 4284445 |r 2019-11-22 |w 2019-11-22 |y BK |k EBA | ||